Horas de España en el reloj del mundo / (Record no. 41862)

MARC details
000 -LEADER
campo de control de longitud fija 00479nam a2200169 i 4500
001 - NÚMERO DE CONTROL
campo de control 41862
003 - IDENTIFICADOR DE NÚMERO DE CONTROL
campo de control ES-MaACL
005 - FECHA Y HORA DE LA ÚLTIMA TRANSACCIÓN
campo de control 20230906160515.0
007 - CAMPO FIJO DE DESCRIPCIÓN FÍSICA--INFORMACIÓN GENERAL
campo de control de longitud fija t|
008 - DATOS DE LONGITUD FIJA--INFORMACIÓN GENERAL
campo de control de longitud fija 030312s1946 ag ||||1| spa d
100 1# - ENTRADA PRINCIPAL--NOMBRE DE PERSONA
Nombre de persona Casas, Alvaro de las.
9 (RLIN) 36183
245 10 - MENCIÓN DEL TÍTULO
Título Horas de España en el reloj del mundo /
Mención de responsabilidad, etc. Alvaro de las Casas.
250 ## - MENCION DE EDICION
Mención de edición 6ª ed.
260 ## - PUBLICACIÓN, DISTRIBUCIÓN, ETC.
Lugar de publicación, distribución, etc. Buenos Aires :
Nombre del editor, distribuidor, etc. Moran,
Fecha de publicación, distribución, etc. [1946] (
Fabricante Llordén)
300 ## - DESCRIPCIÓN FÍSICA
Extensión 86 p. ;
Dimensiones 18 cm.
852 ## - LOCALIZACIÓN
Ubicación ES-MaACL
Número de control de estantería B-10667
Sublocalización o colección R.27746
Holdings
Estatus retirado Estado de pérdida Estado de daño No para préstamo Biblioteca de origen Biblioteca actual Ubicación en estantería Fecha de adquisición Fuente de adquisición Total de préstamos Signatura topográfica completa Código de barras Visto por última vez Precio de reemplazo Tipo de ítem Koha
        Biblioteca del Ateneo de Madrid Biblioteca del Ateneo de Madrid Sala Pardo Bazán 17/01/2008     B-10667 1044067 23/02/2023 23/02/2023 Libro impreso